VHDL : programming by example (Record no. 9461)

000 -LEADER
fixed length control field 00822 a2200205 4500
020 ## - INTERNATIONAL STANDARD BOOK NUMBER
International Standard Book Number 0071400702
040 ## - CATALOGING SOURCE
Original cataloging agency Library of Congress
Language of cataloging English
082 00 - DEWEY DECIMAL CLASSIFICATION NUMBER
Classification number 621.392
100 1# - MAIN ENTRY--PERSONAL NAME
Personal name Perry, Douglas L.
245 10 - TITLE STATEMENT
Title VHDL : programming by example
Statement of responsibility, etc. Douglas L. Perry.
250 ## - EDITION STATEMENT
Edition statement 4th ed.
260 ## - PUBLICATION, DISTRIBUTION, ETC.
Place of publication, distribution, etc. New Delhi :
Name of publisher, distributor, etc. Tata McGraw-Hill,
Date of publication, distribution, etc. c2002.
300 ## - PHYSICAL DESCRIPTION
Extent xvii, 476 p. :
Other physical details ill. ;
Dimensions 24 cm. + 1 CD-ROM (4 3/4 in.)
500 ## - GENERAL NOTE
General note Includes index.
650 #0 - SUBJECT ADDED ENTRY--TOPICAL TERM
Topical term or geographic name entry element VHDL (Computer hardware description language)
856 42 - ELECTRONIC LOCATION AND ACCESS
Materials specified Contributor biographical information
Uniform Resource Identifier <a href="http://www.loc.gov/catdir/bios/mh041/2002070962.html">http://www.loc.gov/catdir/bios/mh041/2002070962.html</a>
856 42 - ELECTRONIC LOCATION AND ACCESS
Materials specified Publisher description
Uniform Resource Identifier <a href="http://www.loc.gov/catdir/description/mh022/2002070962.html">http://www.loc.gov/catdir/description/mh022/2002070962.html</a>
856 42 - ELECTRONIC LOCATION AND ACCESS
Materials specified Table of contents
Uniform Resource Identifier <a href="http://www.loc.gov/catdir/toc/mh023/2002070962.html">http://www.loc.gov/catdir/toc/mh023/2002070962.html</a>
942 ## - ADDED ENTRY ELEMENTS (KOHA)
Koha item type Book
Call number prefix 621.392 PER
Source of classification or shelving scheme
Holdings
Withdrawn status Lost status Damaged status Not for loan Collection code Permanent Location Current Location Shelving location Date acquired Source of acquisition Cost, normal purchase price Total Checkouts Full call number Barcode Date last seen Date last checked out Price effective from Koha item type Total Renewals
          Central Library (CL) Central Library (CL) General Stacks 11/07/2006 Allied Book Company 479.70 1 621.392 PER SEECS007724 06/06/2014 02/25/2014 01/05/2017 Book  
          Central Library (CL) Central Library (CL) General Stacks 02/03/2003 Pak Book Corporation 1204.83 2 621.392 PER SEECS003035 03/09/2024 02/02/2024 01/05/2017 Book 2
© 2023 Central Library, National University of Sciences and Technology. All Rights Reserved.